La Sentencia económica, líneas generales del plan económico 1987

Guardat en:
Dades bibliogràfiques
Format: Text
Etiquetes: Afegir etiqueta
Sense etiquetes, Sigues el primer a etiquetar aquest registre!

MARC

LEADER 00000 a a2200000 04500
001 17494
003
040
245 |a La Sentencia económica, líneas generales del plan económico 1987  
773 |g número 90; páginas 9-10  
999 |c 32195  |d 32195